[Event "It (open) \"]
[Site "masterchessopen.com Balatonalmadi (Hungary)"]
[Date "2007.08.03"]
[Round "4"]
[White "Kovacs David_ (HUN)"]
[Black "Szakolczai Peter (HUN)"]
[Result "0-1"]
[WhiteElo "1997"]
[BlackElo "2272"]

1.e4 c5 2.Nf3 e6 3.d4 cxd4 4.Nxd4 a6 5.Bd3 Qb6 6.Nb3 Qc7 7.O-O d6 8.Nc3 Nf6
9.f4 Nbd7 10.Qf3 b6 11.Qg3 Bb7 12.Bd2 h5 13.Rae1 h4 14.Qh3 O-O-O 15.a4 Be7
16.a5 b5 17.Kh1 Nh5 18.Nd5 exd5 19.exd5 Bf6 {#R} 0-1

[Event "It (open)"]
[Site "masterchessopen.com Banyoles (Spain)"]
[Date "2007.08.16"]
[Round "1"]
[White "Aroshidze Levan (GEO)"]
[Black "Parals Marce Luis (ESP)"]
[Result "1-0"]
[WhiteElo "2502"]
[BlackElo "2073"]

1.e4 c5 2.Nf3 e6 3.d4 cxd4 4.Nxd4 a6 5.Bd3 Bc5 6.Nb3 Ba7 7.Qg4 Nf6 8.Qg3 d6
9.Nc3 Nc6 10.Bg5 b5 11.O-O-O h6 12.Bxf6 gxf6 13.Be2 Ke7 14.Qh4 Ne5 15.Bh5 Qg8
16.f4 Nc4 17.Kb1 Qxg2 18.e5 dxe5 19.fxe5 Qg5 20.exf6+ Qxf6 21.Qe4 {#r} 1-0

[Event "Ch Europe (for the Blind)"]
[Site "masterchessopen.com Durham (England)"]
[Date "2007.08.16"]
[Round "3"]
[White "Gosek Zenon (POL)"]
[Black "Ross Chris (ENG)"]
[Result "1-0"]
[WhiteElo "2073"]
[BlackElo "2144"]

1.e4 c5 2.Nf3 e6 3.d4 cxd4 4.Nxd4 a6 5.Bd3 Bc5 6.Nb3 Ba7 7.O-O Ne7 8.Qe2 Nbc6
9.Be3 d6 10.c4 e5 11.Nc3 O-O 12.Rfd1 f5 13.Bxa7 Rxa7 14.c5 Kh8 15.cxd6 Qxd6
16.exf5 Qh6 17.Be4 Bxf5 18.Rd3 b5 19.Rad1 Bxe4 20.Qxe4 Nf5 21.Qxf5 {#r} 1-0

[Event "It \"]
[Site "masterchessopen.com Feffernitz (Austria)"]
[Date "2007.08.19"]
[Round "1"]
[White "Wertjanz David (AUT)"]
[Black "Sikula Vaszilij (UKR)"]
[Result "0-1"]
[WhiteElo "1959"]
[BlackElo "2550"]

1.e4 c5 2.Nf3 e6 3.d4 cxd4 4.Nxd4 a6 5.Bd3 Bc5 6.Nb3 Be7 7.Nc3 d6 8.O-O Nf6
9.Re1 Nbd7 10.f4 Qc7 11.Qe2 O-O 12.e5 Ne8 13.a4 g6 14.Kh1 b6 15.Bd2 Bb7 16.Qg4
dxe5 17.f5 exf5 18.Bxf5 Ndf6 19.Qg3 Nh5 20.Qh3 Neg7 21.Bd3 f5 {#R} 0-1

[Event "Ch Spain (team) (1 Div) (North)"]
[Site "masterchessopen.com Sabadell (Spain)"]
[Date "2007.08.19"]
[Round "6"]
[White "Martin Perez Javier (ESP)"]
[Black "Almeida Omar (CUB)"]
[Result "0-1"]
[WhiteElo "2194"]
[BlackElo "2502"]

1.e4 c5 2.Nf3 e6 3.d4 cxd4 4.Nxd4 a6 5.Bd3 Bc5 6.Nb3 Be7 7.c4 d6 8.Nc3 Nf6
9.O-O b6 10.Be3 Bb7 11.f4 Nbd7 12.Qf3 h5 13.Kh1 Qc7 14.Rae1 Rc8 15.Bg1 g5
16.fxg5 Ne5 17.Qg3 h4 18.Qh3 Nh7 19.g6 fxg6 20.Qxe6 Ng5 21.Nd5 Nxe6 22.Nxc7+
Rxc7 {#R} 0-1

[Event "Ch Asia (juniors) (under 14)"]
[Site "masterchessopen.com Al Ain (United Arab Emirates)"]
[Date "2007.08.23"]
[Round "1"]
[White "Amanbaev Islomjon (KGZ)"]
[Black "Koohestani Shahin"]
[Result "0-1"]
[WhiteElo "2079"]
[BlackElo "2099"]

1.e4 c5 2.Nf3 e6 3.d4 cxd4 4.Nxd4 a6 5.Bd3 Nf6 6.O-O Qc7 7.c4 Nc6 8.Nxc6 dxc6
9.Be3 e5 10.f3 Be6 11.Nc3 Rd8 12.Qc2 Be7 13.Na4 Nd7 14.Rfd1 O-O 15.Qf2 Qa5
16.Nb6 Nc5 17.Bf1 Qxb6 18.Rxd8 Rxd8 19.Rb1 a5 20.a3 a4 21.Qc2 Qb3 22.Rc1 Qxe3+
{#R} 0-1

[Event "It (open) \"]
[Site "masterchessopen.com Nuernberg (Germany)"]
[Date "2007.09.06"]
[Round "1"]
[White "Meier Georg (GER)"]
[Black "Vogiatzis Joannis (GRE)"]
[Result "1-0"]
[WhiteElo "2558"]
[BlackElo "2017"]

1.Nf3 c5 2.e4 e6 3.d4 cxd4 4.Nxd4 a6 5.Bd3 b5 6.O-O Qb6 7.Be3 Bc5 8.c3 Nc6
9.a4 b4 10.Nd2 Nxd4 11.Nc4 Qa7 12.cxd4 Bxd4 13.e5 d5 14.Qg4 {#r} 1-0

[Event "It (open)"]
[Site "masterchessopen.com Goch (Germany)"]
[Date "2007.10.05"]
[Round "3"]
[White "Loskamp Stefan (GER)"]
[Black "Podzielny Karl-Heinz (GER)"]
[Result "0-1"]
[WhiteElo "2153"]
[BlackElo "2412"]

1.e4 c5 2.Nf3 e6 3.d4 cxd4 4.Nxd4 a6 5.Bd3 Nf6 6.O-O Qc7 7.Qe2 d6 8.c4 Nbd7
9.Nc3 g6 10.b3 Bg7 11.Bb2 O-O 12.f4 b6 13.Rae1 Bb7 14.f5 Rae8 15.Qd1 Ne5
16.Bb1 exf5 17.exf5 Neg4 18.Bc1 Rxe1 19.Qxe1 d5 20.Bf4 Qc5 21.Ne2 Ne4 22.Qd1
Nc3 {#R} 0-1

[Event "Ch Chess Club (final)"]
[Site "masterchessopen.com Voronezh (Russia)"]
[Date "2007.10.20"]
[Round "5"]
[White "Sokolovsky Victor (RUS)"]
[Black "Bocharov Oleg (RUS)"]
[Result "1-0"]
[WhiteElo "2096"]
[BlackElo "1934"]

1.e4 c5 2.Nf3 e6 3.d4 cxd4 4.Nxd4 a6 5.Bd3 Qc7 6.O-O Nc6 7.Nxc6 Qxc6 8.Be3 Nf6
9.e5 Nd5 10.Nc3 Nxc3 11.bxc3 b6 12.Rb1 Bb7 13.f3 Bc5 14.Qe2 Bxe3+ 15.Qxe3 b5
16.c4 bxc4 17.Be4 Qa4 18.Bxb7 {#r} 1-0

[Event "Ch Europe (blitz)"]
[Site "masterchessopen.com Ajaccio (France)"]
[Date "2007.10.25"]
[Round "13"]
[White "Leburgue Sylvain (FRA)"]
[Black "Cvitan Ognjen (CRO)"]
[Result "0-1"]
[WhiteElo "2234"]
[BlackElo "2543"]

1.e4 c5 2.Nf3 e6 3.d4 cxd4 4.Nxd4 a6 5.Bd3 Nf6 6.O-O e5 7.Nf3 Nc6 8.Nc3 Bc5
9.a4 h6 10.Qe2 d6 11.h3 O-O 12.Bc4 Be6 13.Nd5 Bxd5 14.exd5 Ne7 15.Rd1 Ng6
16.c3 a5 17.Be3 Rc8 18.Rd2 e4 19.g4 {#R} 0-1

[Event "It (open) (active)"]
[Site "masterchessopen.com El Sauzal (Spain)"]
[Date "2007.11.04"]
[Round "7"]
[White "Hernandez Leon Alberto (ESP)"]
[Black "Vidarte Morales Arturo (ESP)"]
[Result "1-0"]
[WhiteElo "2207"]
[BlackElo "2417"]

1.e4 c5 2.Nf3 e6 3.d4 cxd4 4.Nxd4 a6 5.Bd3 Bc5 6.Nb3 Be7 7.Qg4 Bf6 8.f4 d6
9.Nc3 Ne7 10.Bd2 Ng6 11.O-O-O Nd7 12.Qe2 Qc7 13.g4 Bxc3 14.bxc3 e5 15.f5 Nf4
16.Bxf4 exf4 17.Qf3 b5 18.Nd4 Qxc3 {#r} 1-0

[Event "Tournament (seniors)"]
[Site "masterchessopen.com Madrid (Spain)"]
[Date "2007.11.11"]
[Round "6"]
[White "Ramos Pinto Jose Maria (ESP)"]
[Black "Martinez Montesinos Benedicto (ESP)"]
[Result "0-1"]
[WhiteElo "1513"]
[BlackElo "1856"]

1.e4 c5 2.Nf3 e6 3.d4 cxd4 4.Nxd4 a6 5.Bd3 Bc5 6.Nb3 Ba7 7.O-O Nc6 8.Nc3 Nge7
9.Kh1 b5 10.a3 Bb7 11.Qg4 Ng6 12.f4 h5 13.Qe2 h4 14.Qg4 h3 15.gxh3 Qe7 16.f5
exf5 17.exf5 Nce5+ {#R} 0-1

[Event "Ch World (juniors) (under 18)"]
[Site "masterchessopen.com Kemer (Turkey)"]
[Date "2007.11.18"]
[Round "1"]
[White "Blomqvist Erik (SWE)"]
[Black "Yazgi H"]
[Result "1-0"]
[WhiteElo "2334"]
[BlackElo "1944"]

1.e4 c5 2.Nf3 e6 3.d4 cxd4 4.Nxd4 a6 5.Bd3 Qc7 6.O-O Nf6 7.Nc3 b5 8.Re1 d6
9.a4 b4 10.Na2 Bb7 11.Nxb4 d5 12.Nxd5 Nxd5 13.exd5 Bxd5 14.Qh5 Be7 15.Rxe6 Qc5
16.Rxe7+ Qxe7 17.Qxd5 Ra7 18.Bg5 f6 19.Bd2 Rd7 20.Qh5+ {#r} 1-0

[Event "Ch World (juniors) (under 14)"]
[Site "masterchessopen.com Kemer (Turkey)"]
[Date "2007.11.22"]
[Round "6"]
[White "Lagarde Maxime (FRA)"]
[Black "Tilicheev Viacheslav (RUS)"]
[Result "1-0"]
[WhiteElo "2256"]
[BlackElo "2117"]

1.e4 c5 2.Nf3 e6 3.d4 cxd4 4.Nxd4 a6 5.Bd3 Qc7 6.O-O Nf6 7.Qe2 d6 8.c4 Be7
9.f4 Nbd7 10.Kh1 b6 11.Nc3 O-O 12.Bd2 Bb7 13.Rae1 d5 14.cxd5 exd5 15.e5 Ne4
16.e6 Rae8 17.exf7+ Kh8 18.f5 {#r} 1-0

[Event "Cup Pichay (open)"]
[Site "masterchessopen.com Manila (Philippines)"]
[Date "2007.12.01"]
[Round "1"]
[White "So Wesley (PHI)"]
[Black "Legaspi Rhobel (PHI)"]
[Result "1-0"]
[WhiteElo "2531"]
[BlackElo "2334"]

1.e4 c5 2.Nf3 e6 3.d4 cxd4 4.Nxd4 a6 5.Bd3 Nf6 6.O-O d6 7.c4 Be7 8.Nc3 O-O
9.Kh1 Nc6 10.Be3 Bd7 11.f4 Qb8 12.Qe2 Re8 13.Nf3 h6 14.Rad1 Qc7 15.e5 Ng4
16.Bc1 h5 17.Bb1 dxe5 18.fxe5 {#r} 1-0

[Event "Tournament (open)"]
[Site "masterchessopen.com Kstovo (Russia)"]
[Date "2007.12.09"]
[Round "7"]
[White "Sorokin Nikolay (RUS)"]
[Black "Gavrilov Vladimir (RUS)"]
[Result "1-0"]
[WhiteElo "1766"]
[BlackElo "1759"]

1.e4 c5 2.Nf3 e6 3.d4 cxd4 4.Nxd4 a6 5.Bd3 Nc6 6.Nb3 Qc7 7.N1d2 Nf6 8.Nf3 d5
9.exd5 Nxd5 10.a3 Ne5 11.Be2 b5 12.O-O Bb7 13.c3 Nxf3+ 14.Bxf3 Bd6 15.g3 Rd8
16.Qe2 O-O 17.Nd4 Nxc3 18.bxc3 e5 19.Nf5 Qxc3 20.Be3 Bxf3 21.Qxf3 {#r} 1-0

[Event "Tournament (Elo) (a)"]
[Site "masterchessopen.com Coulsdon (England)"]
[Date "2007.12.21"]
[Round "8"]
[White "Josse Mark (ENG)"]
[Black "Warman Simon (ENG)"]
[Result "1-0"]
[WhiteElo "2181"]
[BlackElo "2135"]

1.e4 c5 2.Nf3 e6 3.d4 cxd4 4.Nxd4 a6 5.Bd3 Bc5 6.Nb3 Ba7 7.Qe2 d6 8.Be3 Nf6
9.Bxa7 Rxa7 10.O-O Nc6 11.c4 O-O 12.Nc3 Qc7 13.Rfd1 Ne5 14.Rac1 Nfg4 15.Rc2
Nxd3 16.Rxd3 Qxc4 17.Nd2 Qc6 18.Qxg4 f5 19.exf5 e5 20.Qb4 Bxf5 21.Rxd6 a5
22.Qb3+ {#r} 1-0

[Event "It (open)"]
[Site "masterchessopen.com Bosnjaci (Croatia)"]
[Date "2008.01.03"]
[Round "1"]
[White "Leutarevic Ilija (CRO)"]
[Black "Potlimbrzovic Zdenko (CRO)"]
[Result "0-1"]
[WhiteElo "1655"]
[BlackElo "2071"]

1.e4 c5 2.Nf3 e6 3.d4 cxd4 4.Nxd4 a6 5.Bd3 Nf6 6.O-O d6 7.Bg5 Nbd7 8.b4 Be7
9.c4 h6 10.Bf4 e5 {#R} 0-1

[Event "Ch Cuba"]
[Site "masterchessopen.com Santa Clara (Cuba)"]
[Date "2008.01.09"]
[Round "2"]
[White "De La Paz Frank (CUB)"]
[Black "Almeida Omar (CUB)"]
[Result "1-0"]
[WhiteElo "2491"]
[BlackElo "2519"]

1.e4 c5 2.Nf3 e6 3.d4 cxd4 4.Nxd4 a6 5.Bd3 Bc5 6.Nb3 Ba7 7.O-O Nc6 8.Qg4 Nf6
9.Qg3 d6 10.Kh1 O-O 11.Bg5 Ne5 12.f4 Ng6 13.Nc3 Nh5 14.Qf3 f6 15.Bh6 gxh6
16.Qxh5 Be3 17.Qxh6 e5 18.g3 Be6 19.Rae1 Bxb3 20.Rxe3 Bf7 21.f5 Nh8 22.g4 {#r}
1-0

[Event "Tournament (juniors) (under 18)"]
[Site "masterchessopen.com Cali (Colombia)"]
[Date "2008.01.19"]
[Round "5"]
[White "Guelgua Alvaro (COL)"]
[Black "Ossa Juan Sebastian (COL)"]
[Result "1-0"]
[WhiteElo "1990"]
[BlackElo "1865"]

1.e4 c5 2.Nf3 e6 3.d4 cxd4 4.Nxd4 a6 5.Bd3 Nf6 6.O-O Nc6 7.Be3 Be7 8.f4 Qb6
9.c3 Nxd4 10.Bxd4 Qxb2 11.Nd2 b5 12.a3 Bb7 13.Rf2 Ng4 14.Re2 Ne3 15.Rxe3 Bc5
16.Bxc5 Qxc3 17.Rc1 {#r} 1-0

[Event "It \"]
[Site "masterchessopen.com Belgrade (Yugoslavia)"]
[Date "2008.01.23"]
[Round "2"]
[White "Nestorovic D Nikola (SRB)"]
[Black "Bojovic Dusan (SRB)"]
[Result "1-0"]
[WhiteElo "2393"]
[BlackElo "2259"]

1.e4 c5 2.Nf3 e6 3.d4 cxd4 4.Nxd4 a6 5.Bd3 Qc7 6.O-O Nf6 7.Qe2 Nc6 8.Nxc6 dxc6
9.f4 h5 10.e5 Ng4 11.Nc3 b5 12.a4 Bb7 13.Ne4 Rd8 14.Kh1 Qe7 15.Be3 Qh4 16.Bg1
Nh6 17.axb5 cxb5 18.Bxb5+ axb5 19.Qxb5+ Rd7 20.Ra7 {#r} 1-0

[Event "Ch Colombia (juniors) (under 18)"]
[Site "masterchessopen.com Bogota (Colombia)"]
[Date "2008.01.26"]
[Round "5"]
[White "Celis Guzman Julian Fernando (COL)"]
[Black "Castillo Ricardo (COL)"]
[Result "1-0"]
[WhiteElo "1956"]
[BlackElo "1932"]

1.e4 c5 2.Nf3 e6 3.d4 cxd4 4.Nxd4 a6 5.Bd3 Nc6 6.Nxc6 bxc6 7.Bf4 d6 8.O-O e5
9.Be3 d5 10.c3 f5 11.exf5 e4 12.Qh5+ Ke7 {#r} 1-0

[Event "Ch Colombia (juniors) (under 18) (g)"]
[Site "masterchessopen.com Bogota (Colombia)"]
[Date "2008.01.27"]
[Round "6"]
[White "Villa Olivia Rosalba (COL)"]
[Black "Castro Natalia Patricia (COL)"]
[Result "1-0"]
[WhiteElo "1990"]
[BlackElo "2001"]

1.e4 c5 2.Nf3 e6 3.d4 cxd4 4.Nxd4 a6 5.Bd3 Qc7 6.O-O Nf6 7.c4 Nc6 8.Be3 Ne5
9.Nc3 Nxd3 10.Qxd3 Ng4 11.f4 Bc5 12.Kh1 g5 13.e5 gxf4 14.Bxf4 Nxe5 15.Bxe5
Qxe5 16.Nf5 Be7 17.Rae1 Qa5 18.Nd5 Bf8 19.Qd4 {#r} 1-0

[Event "It (open) (b)"]
[Site "masterchessopen.com Moscow (Russia)"]
[Date "2008.02.07"]
[Round "6"]
[White "Kruchev Boris (RUS)"]
[Black "Kamov Igor (RUS)"]
[Result "1-0"]
[WhiteElo "2264"]
[BlackElo "2260"]

1.e4 c5 2.Nf3 e6 3.d4 cxd4 4.Nxd4 a6 5.Bd3 Nc6 6.Nxc6 bxc6 7.O-O d5 8.Nd2 Nf6
9.Qe2 Be7 10.Kh1 O-O 11.f4 Nd7 12.e5 f5 13.exf6 Nxf6 14.Nf3 c5 15.c3 Bd6
16.Bd2 Qc7 17.Ng5 Re8 18.Nxh7 Qe7 19.Nxf6+ Qxf6 20.Qh5 Bd7 21.Bg6 Rec8 22.f5
{#r} 1-0

[Event "Ch City"]
[Site "masterchessopen.com Omsk (Russia)"]
[Date "2008.02.07"]
[Round "3"]
[White "Gedyk Dmitry (RUS)"]
[Black "Pozdniakov Vladimir (RUS)"]
[Result "1-0"]
[WhiteElo "2280"]
[BlackElo "2251"]

1.e4 c5 2.Nf3 e6 3.d4 cxd4 4.Nxd4 a6 5.Bd3 Nf6 6.O-O d6 7.c4 Nbd7 8.Nc3 Qc7
9.Be3 b6 10.Rc1 Bb7 11.f3 g6 12.f4 Bg7 13.f5 gxf5 14.exf5 e5 15.Nd5 Qd8 16.Ne6
fxe6 17.fxe6 Bxd5 18.exd7+ Qxd7 19.cxd5 O-O 20.Bf5 Qd8 21.Rc6 Re8 22.Qd3 {#r}
1-0

[Event "It (open)"]
[Site "masterchessopen.com Moscow (Russia)"]
[Date "2008.02.09"]
[Round "8"]
[White "Alavkin Arseny (RUS)"]
[Black "Kolmakov Pavel (RUS)"]
[Result "1-0"]
[WhiteElo "2476"]
[BlackElo "2280"]

1.e4 c5 2.Nf3 e6 3.d4 cxd4 4.Nxd4 a6 5.Bd3 Qc7 6.O-O Nc6 7.Nf3 Nf6 8.Qe2 d5
9.exd5 Nxd5 10.g3 Be7 11.a3 e5 12.Be4 Be6 13.c4 Nb6 14.Bxc6+ Qxc6 15.Nxe5 Bxc4
16.Nxc6 Bxe2 17.Re1 bxc6 18.Rxe2 O-O-O 19.Nc3 Bf6 20.Ne4 Rd1+ 21.Kg2 {#r} 1-0

[Event "Ch Ukraine (juniors) (under 20)"]
[Site "masterchessopen.com Odessa (Ukraine)"]
[Date "2008.03.07"]
[Round "3"]
[White "Kravtsiv Martyn (UKR)"]
[Black "Grinev Valeriy (UKR)"]
[Result "1-0"]
[WhiteElo "2549"]
[BlackElo "2344"]

1.e4 c5 2.Nf3 e6 3.d4 cxd4 4.Nxd4 a6 5.Bd3 Nf6 6.O-O Qc7 7.Nc3 b5 8.Re1 Bb7
9.Bg5 d6 10.Bxf6 gxf6 11.a4 bxa4 12.Nd5 Qd8 13.Qh5 exd5 14.exd5+ Kd7 15.Qxf7+
Kc8 16.Bf5+ Nd7 17.Re8 {#r} 1-0

[Event "Ch Ukraine (juniors) (under 20) (g)"]
[Site "masterchessopen.com Odessa (Ukraine)"]
[Date "2008.03.09"]
[Round "5"]
[White "Kalinina Olga (UKR)"]
[Black "Chulivska Vita (UKR)"]
[Result "1-0"]
[WhiteElo "2149"]
[BlackElo "2248"]

1.e4 c5 2.Nf3 e6 3.d4 cxd4 4.Nxd4 a6 5.Bd3 b5 6.Be3 d6 7.O-O Nf6 8.a4 b4 9.Qe1
Be7 10.Kh1 O-O 11.f4 d5 12.e5 Ne4 13.Nd2 Bb7 14.f5 Nd7 15.Bf4 exf5 16.Nxf5
Ndc5 17.Nxe4 Nxd3 18.Qg3 g6 19.Nxe7+ Qxe7 20.Nf6+ {#r} 1-0

[Event "Ch SibFO "]
[Site "masterchessopen.com Novokuznetsk (Russia)"]
[Date "2008.03.20"]
[Round "8"]
[White "Katkov Sergey (RUS)"]
[Black "Dashiev Kim (RUS)"]
[Result "1-0"]
[WhiteElo "2217"]
[BlackElo "2116"]

1.e4 c5 2.Nf3 e6 3.d4 cxd4 4.Nxd4 a6 5.Bd3 Nf6 6.O-O d6 7.c4 Be7 8.Nc3 O-O
9.Qe2 Qc7 10.Kh1 Nc6 11.Nxc6 bxc6 12.f4 Nd7 13.Bd2 Rb8 14.b3 Bf6 15.e5 dxe5
16.Ne4 Be7 17.fxe5 Nxe5 18.Bf4 f5 19.Ng3 Bd6 20.c5 Bxc5 21.Qxe5 {#r} 1-0

[Event "Ch Poland (juniors) (under 16) (g)"]
[Site "masterchessopen.com Leba (Poland)"]
[Round "4"]
[White "Szczurek Natalia (POL)"]
[Black "Dabrowska Kamila (POL)"]
[Result "1-0"]
[WhiteElo "1715"]
[BlackElo "1675"]

1.e4 c5 2.Nf3 e6 3.d4 cxd4 4.Nxd4 a6 5.Bd3 Bc5 6.Nb3 Ba7 7.Qg4 Qf6 8.O-O h6
9.Kh1 Ne7 10.f4 g6 11.Bd2 Qg7 12.f5 f6 13.fxg6 Nxg6 14.Bc3 e5 15.Qf5 Nf4
16.Rxf4 exf4 17.Bxf6 Qh7 18.Qe5+ Kf8 19.Bxh8 Be3 20.Qf6+ Ke8 21.e5 Qf7 22.Bg6
{#r} 1-0

[Event "Ch Poland (juniors) (under 16) (g)"]
[Site "masterchessopen.com Leba (Poland)"]
[Date "2008.04.01"]
[Round "5"]
[White "Gryglas Marta (POL)"]
[Black "Szczurek Natalia (POL)"]
[Result "0-1"]
[WhiteElo "1576"]
[BlackElo "1715"]

1.e4 c5 2.Nf3 e6 3.d4 cxd4 4.Nxd4 a6 5.Bd3 Nf6 6.O-O Qc7 7.c4 Be7 8.Nc3 O-O
9.Kh1 d6 10.f4 b6 11.Qf3 Bb7 12.Qg3 Kh8 13.e5 dxe5 14.fxe5 Nh5 15.Qe3 g6
16.Nf3 Nd7 17.Qh6 Bxf3 18.Rxf3 Nxe5 19.Be4 Nxf3 20.Bxa8 Qxh2# 0-1

[Event "It (open)"]
[Site "masterchessopen.com Calvi (France)"]
[Date "2008.04.06"]
[Round "1"]
[White "Macak Stefan (SVK)"]
[Black "Geronimi Paul-Antoine (FRA)"]
[Result "1-0"]
[WhiteElo "2546"]
[BlackElo "1685"]

1.e4 c5 2.Nf3 e6 3.d4 cxd4 4.Nxd4 a6 5.Bd3 b5 6.Qe2 Bb7 7.O-O Nf6 8.a4 bxa4
9.c4 Bc5 10.Nc2 O-O 11.e5 Ne8 12.Nc3 Nc6 13.Nxa4 Nd4 14.Qh5 Nxc2 15.Qxh7# 1-0

[Event "It (open)"]
[Site "masterchessopen.com La Laguna (Spain)"]
[Date "2008.04.21"]
[Round "1"]
[White "Timoshenko Georgy (UKR)"]
[Black "Pena Hernandez Tamara (ESP)"]
[Result "1-0"]
[WhiteElo "2551"]
[BlackElo "1850"]

1.e4 c5 2.Nf3 e6 3.d4 cxd4 4.Nxd4 a6 5.Bd3 b5 6.O-O Bb7 7.a4 Bc5 8.Be3 Qb6
9.c3 bxa4 10.Nd2 Nf6 11.Nc4 Qa7 12.Rxa4 O-O 13.b4 Bxe4 14.bxc5 Qxc5 15.Nxe6
{#r} 1-0

[Event "It (open)"]
[Site "masterchessopen.com Triesen (Liechtenstein)"]
[Date "2008.04.30"]
[Round "6"]
[White "Ardeleanu Alin (ROM)"]
[Black "Siebrecht Sebastian (GER)"]
[Result "1-0"]
[WhiteElo "2409"]
[BlackElo "2451"]

1.e4 c5 2.Nf3 e6 3.d4 cxd4 4.Nxd4 a6 5.Bd3 Bc5 6.Nb3 Be7 7.Be3 Nc6 8.f4 Nf6
9.c3 d6 10.N1d2 e5 11.f5 d5 12.Qf3 dxe4 13.Bxe4 Nxe4 14.Nxe4 Qd3 15.Rd1 Qc2
16.O-O Qxb2 17.f6 gxf6 18.Rf2 Qa3 19.Nxf6+ Bxf6 20.Qxf6 Qf8 21.Bc5 {#r} 1-0

[Event "Tournament (open) (w)"]
[Site "masterchessopen.com Bucaramanga (Colombia)"]
[Date "2008.05.30"]
[Round "2"]
[White "Cardona Carolina (COL)"]
[Black "Orozco Lina (COL)"]
[Result "0-1"]
[WhiteElo "1849"]
[BlackElo "2097"]

1.e4 c5 2.Nf3 e6 3.d4 cxd4 4.Nxd4 a6 5.Bd3 Qc7 6.O-O Nc6 7.Nf3 b5 8.Qe2 Bb7
9.c4 b4 10.b3 h5 11.h4 Nf6 12.Bb2 Ng4 13.g3 Rg8 14.Nh2 Bc5 15.Kg2 Nd4 16.Qd1
Nxh2 17.Kxh2 g5 18.hxg5 h4 19.Rg1 Rxg5 20.Be2 hxg3+ 21.Rxg3 Nf5 {#R} 0-1

[Event "Tournament (open) (w)"]
[Site "masterchessopen.com Bucaramanga (Colombia)"]
[Date "2008.05.30"]
[Round "1"]
[White "Orozco Lina (COL)"]
[Black "Velasco Luz Mariela (COL)"]
[Result "1-0"]
[WhiteElo "2097"]
[BlackElo "1834"]

1.e4 c5 2.Nf3 e6 3.d4 cxd4 4.Nxd4 a6 5.Bd3 Qc7 6.O-O Nf6 7.Nc3 b5 8.a3 Bb7
9.Qe2 g6 10.Bd2 Bg7 11.Nb3 d6 12.Kh1 O-O 13.f4 Nbd7 14.Nd1 Rac8 15.Bc3 d5
16.e5 Ne8 17.Bb4 {#r} 1-0

[Event "Tournament (open) (w)"]
[Site "masterchessopen.com Bucaramanga (Colombia)"]
[Date "2008.06.01"]
[Round "7"]
[White "Orozco Luz Elena (COL)"]
[Black "Velasco Luz Mariela (COL)"]
[Result "1-0"]
[WhiteElo "1990"]
[BlackElo "1834"]

1.e4 c5 2.Nf3 e6 3.d4 cxd4 4.Nxd4 a6 5.Bd3 b5 6.O-O Bb7 7.Qe2 d6 8.a4 b4 9.a5
Nf6 10.Bd2 e5 11.Nf5 Nc6 12.Ra4 g6 13.Nh6 Nd4 14.Qe1 b3 15.c3 Ne6 16.Bc4 Nxe4
17.Bxe6 fxe6 18.Rxe4 Qxa5 19.Rb4 Qd5 20.f3 a5 21.Ng4 Bg7 22.Ne3 Qc6 {#r} 1-0

[Event "Tournament (open)"]
[Site "masterchessopen.com Vladivostok (Russia)"]
[Date "2008.06.05"]
[Round "6"]
[White "Gritsenko Andrey (RUS)"]
[Black "Tsigelnitskiy Ilusha (RUS)"]
[Result "1-0"]
[WhiteElo "2380"]
[BlackElo "2371"]

1.e4 c5 2.Nf3 e6 3.d4 cxd4 4.Nxd4 a6 5.Bd3 Qb6 6.Be3 Nc6 7.c3 Qc7 8.O-O Nf6
9.f4 Be7 10.Nd2 d6 11.Qf3 O-O 12.g4 g6 13.Nxc6 bxc6 14.f5 exf5 15.gxf5 Nd7
16.Qg3 Bb7 17.Nc4 Rad8 18.Bd4 Rfe8 19.fxg6 fxg6 20.Nxd6 {#r} 1-0

[Event "Memorial R.Nezhmetdinov (open)"]
[Site "masterchessopen.com Kazan (Russia)"]
[Date "2008.06.07"]
[Round "7"]
[White "Talov Nikita (RUS)"]
[Black "Matorkin Dmitry (RUS)"]
[Result "1-0"]
[WhiteElo "2065"]
[BlackElo "1852"]

1.e4 c5 2.Nf3 e6 3.d4 cxd4 4.Nxd4 a6 5.Bd3 Nf6 6.O-O Qc7 7.c4 Be7 8.Nc3 O-O
9.Kh1 d5 10.cxd5 Rd8 11.f4 exd5 12.e5 Ne4 13.Nxd5 Nf2+ 14.Rxf2 Rxd5 15.Be3 Bc5
16.Rc2 Nc6 17.Nxc6 Qxc6 18.Bxc5 Rxc5 19.Be4 Qc7 20.Rxc5 Qxc5 21.Qd8+ {#r} 1-0

[Event "Tournament (open)"]
[Site "masterchessopen.com Birigui (Brazil)"]
[Date "2008.06.21"]
[Round "4"]
[White "Mareco Sandro (ARG)"]
[Black "Narvaez Eduardo De Oliveira (BRA)"]
[Result "1-0"]
[WhiteElo "2481"]
[BlackElo "2133"]

1.e4 c5 2.Nf3 e6 3.d4 cxd4 4.Nxd4 a6 5.Bd3 b5 6.O-O d6 7.Qe2 Nd7 8.a4 b4 9.c3
bxc3 10.Nxc3 Ngf6 11.f4 Be7 12.Kh1 Qc7 13.Be3 O-O 14.Rac1 Nc5 15.Bb1 Qb7 16.e5
Nd5 17.Nxd5 Qxd5 18.b4 dxe5 19.fxe5 Ne4 20.Nc6 Bd8 21.Rfd1 {#r} 1-0

[Event "It (open)"]
[Site "masterchessopen.com Oslo (Norway)"]
[Date "2008.06.27"]
[Round "9"]
[White "Hansen Lars-Henrik Bech (DEN)"]
[Black "Mihajlov Svetoslav (NOR)"]
[Result "0-1"]
[WhiteElo "2062"]
[BlackElo "2052"]

1.e4 c5 2.Nf3 e6 3.d4 cxd4 4.Nxd4 a6 5.Bd3 Qc7 6.O-O Nc6 7.Nxc6 dxc6 8.c4 e5
9.f4 Bc5+ 10.Kh1 Nf6 11.Nc3 Ng4 12.Qf3 Qe7 13.Nd1 Nxh2 14.Qg3 Nxf1 {#R} 0-1